000 00643cam a2200229 4500500
005 20260405001510.0
041 _afre
042 _adc
100 1 0 _aNathan, Tobie
_eauthor
245 0 0 _aLes Droits des animaux
260 _c2013.
500 _a97
690 _aAbolitionnisme
690 _aAnimal
690 _aDéontologie
690 _aDroits
690 _aRadicalité
690 _aSujets-d’une-vie
690 _aTom Regan
786 0 _nPhilosophie magazine | 70 | 6 | 2013-06-01 | p. 52-55 | 1951-1787
856 4 1 _uhttps://shs.cairn.info/magazine-philosophie-magazine-2013-6-page-52?lang=fr&redirect-ssocas=7080
999 _c2048296
_d2048296